Kronika zapomenutého kněze, aneb, Hříchy na templářské tvrzi v Čejkovicích / (Záznam č. 34204)

Podrobnosti MARC
000 -Návěští
Řídící pole kódované 24B 02274nam a2200469 i 4500
001 - Kontrolní číslo
Řídící pole proměnné nkc20233576682
003 - Identifikátor kontrolního čísla
Řídící pole proměnné CZ PrNK
005 - Datum posledního zpracování
Řídící pole 16B 20260422105447.0
007 - Pole pevné délky pro fyzický popis
Řídící pole kódované ta
008 - Údaje pevné délky
Řídící pole kódované 40B 231201s2023 xr g 000 f cze
015 ## -
-- cnb003576682
020 ## - ISBN
ISBN 978-80-279-1002-1
-- (vázáno)
035 ## -
-- (OCoLC)1425859939
040 ## - Zdroj katalogizace-agentura
Agentura původní katalogizace ABG001
Jazyk katalogizace cze
Použitá pravidla popisu rda
072 #7 - Kód předmětové kategorie - Konspekt
Předmětová kategorie 821.162.3-3
Zpřesnění předmětové kategorie Česká próza
Zdroj předmětové klasifikace Konspekt
-- 25
080 ## - MDT
Klasifikační znak MDT 821.162.3-31
Idetifikátor vydání MDT MRF
080 ## - MDT
Klasifikační znak MDT (0:82-311.6)
Idetifikátor vydání MDT MRF
080 ## - MDT
Klasifikační znak MDT (0:82-312.4)
Idetifikátor vydání MDT MRF
044 ## - Kód země vydání/výroby
Kód geografické oblasti/země xr
100 1# - Hlavní záhlaví - osobní jméno autora
Osobní jméno Horáková, Naďa,
Datumy související se jménem 1962-
-- ola2002105147
Kód role aut
9 (RLIN) 5940
245 10 - Údaje o názvu
Název Kronika zapomenutého kněze, aneb, Hříchy na templářské tvrzi v Čejkovicích /
Údaj o odpovědností, atd. Naďa Horáková
246 30 - Variantní vázvy
Hlavní název/zkrácený název Hříchy na templářské tvrzi v Čejkovicích
250 ## - Údaje o vydání
Označení vydání Druhé, upravené vydání, v nakladatelství MOBA vydání první
264 #1 - Nakladatelské údaje
Místo vydání Brno :
Nakladatel MOBA,
Rok vydání 2023
300 ## - Fyzický popis
Rozsah 245 stran ;
Rozměry 21 cm
336 ## -
-- text
-- txt
-- rdacontent
337 ## -
-- bez média
-- n
-- rdamedia
338 ## -
-- svazek
-- nc
-- rdacarrier
504 ## - Poznámka o bibliografii
Text poznámky o bibliografii,atd Obsahuje bibliografii
520 2# - Anotace
Anotace, atd. Moravské Čejkovice se stávají hlavním centrem templářů v Českém království. Co vše se na místní tvrzi dělo a co s ní má společného slavná Dalimilova kronika?
Rozšířený text anotace Na templářském panství v Čejkovicích se odehrávají velké věci. Komtur Ekko se chystá na předání majetku do rukou mocného Jindřicha z Lipé. Také řeší zločiny a přečiny, které se na čejkovickém panství stanou, a že jich není málo! Kam a proč se ztratil Jan Šekvic, majitel dvora Šatrapky? A vyřeší se dávno zapomenutá tragédie na statku Dolina, který dodnes obchází duch templáře Čirose? Nakladatelská anotace.
655 #7 - Rejstříkový termín - žánr/forma
Žánr/forma či základní termín české romány
-- fd133974
-- czenas
655 #7 - Rejstříkový termín - žánr/forma
Žánr/forma či základní termín historické romány
-- fd132414
-- czenas
655 #7 - Rejstříkový termín - žánr/forma
Žánr/forma či základní termín detektivní romány
-- fd132010
-- czenas
655 #9 - Rejstříkový termín - žánr/forma
Žánr/forma či základní termín Czech fiction
-- eczenas
655 #9 - Rejstříkový termín - žánr/forma
Žánr/forma či základní termín historical novels
-- eczenas
655 #9 - Rejstříkový termín - žánr/forma
Žánr/forma či základní termín detective novels
-- eczenas
901 ## -
-- 9788027910021
-- 2., upravené vydání, 1. vydání v nakl. Moravská Bastei MOBA
-- 20240123
998 ## - Místní kontrolní číslo (RLIN)
-- 003576682
910 ## - Údaje o vlastníkovi jednotky (exempláře)
Sigla vlastníka jednotky ABG508
993 ## - pracovní čísla
-- 205.00
-- 319.00
-- Team Business
-- 2026-04-22
-- 1076113 | Rozpočet 2026
Jednotky
Stav ztráty Zdroj klasifikace pro skladování Stav poškození
  Universal Decimal Classification  

Používáme knihovní systém Koha